Barron's the leader in test preparation : essential words for the Toefl

Salvato in:
Dettagli Bibliografici
Autore principale: Matthiesen, Steven J.
Natura: Libro
Lingua:Undetermined
Pubblicazione: Tp. Hồ Chí Minh Trẻ 2012
Soggetti:
Tags: Aggiungi Tag
Nessun Tag, puoi essere il primo ad aggiungerne! !
Thư viện lưu trữ: Trung tâm Học liệu Trường Đại học Cần Thơ
LEADER 00675nam a2200217Ia 4500
001 CTU_180839
008 210402s9999 xx 000 0 und d
020 |c 88000 
082 |a 428.0076 
082 |b M443 
100 |a Matthiesen, Steven J. 
245 0 |a Barron's the leader in test preparation : 
245 0 |b essential words for the Toefl 
245 0 |c Steven J. Matthiesen 
260 |a Tp. Hồ Chí Minh 
260 |b Trẻ 
260 |c 2012 
650 |a English language,English language,Anh ngữ thực hành 
650 |x Examinantion,Textbooks for foreign speaker 
910 |a Nguyên 
980 |a Trung tâm Học liệu Trường Đại học Cần Thơ